Návrh uplatnenia princípov kontrolingu v manažérstve investičného rozvoja podniku = Design and utilisation of controlling principles for investment and enterprise development management : Doktorandská dizertačná práca

Guardado en:
Detalles Bibliográficos
Autor principal: Tomášik, Štefan, 1945- (Autor)
Otros Autores: Mihok, Jozef, 1950- (Orientador)
Formato: Manuscrito Libro
Lenguaje:eslovaco
Publicado: Trnava : STU v Bratislave MTF, 2010
Materias:
Etiquetas: Agregar Etiqueta
Sin Etiquetas, Sea el primero en etiquetar este registro!

MARC

LEADER 00000ntm a22000003a 4500
001 stu220921
005 20150617230120.6
008 110207s2010----xo------------------slo-d
040 |a STU  |b slo 
041 0 |a slo 
044 |a xo 
100 1 |a Tomášik, Štefan,  |d 1945-  |4 aut  |u M4000  |U MTF Materiálovotechnologická fakulta  |T MTF Ústav priemyselného inžinierstva a manažmentu  |X 3516  |U M4000  |Y 84  |7 A000003516 
245 1 |a Návrh uplatnenia princípov kontrolingu v manažérstve investičného rozvoja podniku = Design and utilisation of controlling principles for investment and enterprise development management :  |b Doktorandská dizertačná práca 
260 |a Trnava :  |b STU v Bratislave MTF,  |c 2010 
300 |a 103 s  |c príl 
500 |a Číslo a názov vedného odboru: 62-90-9 Podnikový manažment 
500 |a MTF-3172-3516 
650 7 |a kontroling  |2 stusub 
650 7 |a investičný rozvoj  |2 stusub 
650 7 |a priemyselné podniky  |2 stusub 
650 7 |a manažment  |2 stusub 
700 1 |a Mihok, Jozef,  |d 1950-  |4 ths  |X 2951  |7 A000002951 
996 |b 284M079152  |c M*DzP-208  |l MMSKP  |s P  |a 0  |w stu220921_0001